[Event "Int. Stuttgarter Stadtmeisterschaft B"]
[Site "Ditzingen"]
[Date "2018.05.11"]
[Round "3.10"]
[White "Jantos, Stefan"]
[Black "Apelt, Andreas"]
[Result "1-0"]
[WhiteElo "1831"]
[BlackElo "1787"]
[PlyCount "47"]
[EventDate "2018.??.??"]
[WhiteTeam "SF Oeffingen"]
[BlackTeam "SV Höhenkirchen"]

1. e4 e6 2. d4 d5 3. Nd2 Nf6 4. e5 Nfd7 5. Bd3 c5 6. c3 Nc6 7. Ne2 Qb6 8. Nf3
Be7 9. O-O f6 10. exf6 gxf6 11. Nf4 Nf8 12. Re1 Bd7 13. dxc5 Qxc5 14. Nd4 Nxd4
15. cxd4 Qd6 16. Qh5+ Kd8 17. Qf7 Qb4 18. Be3 Kc7 19. Rac1+ Kb6 20. Rc3 Ba4 21.
Bd2 Qxd4 22. Ra3 Be8 23. Ba5+ Kc6 24. Rc1+ 1-0

[Event "Int. Stuttgarter Stadtmeisterschaft B"]
[Site "Ditzingen"]
[Date "2018.05.11"]
[Round "3.11"]
[White "Kobald, Matthias"]
[Black "Lang, Thomas"]
[Result "0-1"]
[WhiteElo "1705"]
[BlackElo "1796"]
[PlyCount "74"]
[EventDate "2018.??.??"]
[WhiteTeam "SV Stuttgart-Wolfbusch"]
[BlackTeam "SG Schwäbisch Gmünd"]

1. e4 c5 2. d4 cxd4 3. c3 Nf6 4. e5 Nd5 5. cxd4 d6 6. exd6 e6 7. Nc3 Nxc3 8.
bxc3 Bxd6 9. Nf3 O-O 10. Bd3 h6 11. O-O Nd7 12. Re1 Nf6 13. Qc2 Bd7 14. Ne5 Nd5
15. Rb1 Qc7 16. Bd2 Ne7 17. Qc1 Bxe5 18. Rxe5 f5 19. Re3 Rf6 20. Rg3 f4 21. Rf3
Raf8 22. Bb5 Nc6 23. Qb2 a6 24. Bd3 Nd8 25. Be4 Bc6 26. Bxc6 Qxc6 27. Re1 Rg6
28. Kh1 Rf5 29. Rg1 Rxg2 30. Kxg2 Rg5+ 31. Kf1 Rxg1+ 32. Kxg1 Qxf3 33. Qc1 g5
34. c4 Nf7 35. Qe1 Qg4+ 36. Kf1 f3 37. Qe3 Qg2+ 0-1

[Event "Int. Stuttgarter Stadtmeisterschaft B"]
[Site "Ditzingen"]
[Date "2018.05.11"]
[Round "3.12"]
[White "Rühl, Volker"]
[Black "Grünert, Thomas"]
[Result "0-1"]
[WhiteElo "1801"]
[BlackElo "1743"]
[PlyCount "50"]
[EventDate "2018.??.??"]
[WhiteTeam "VfL Sindelfingen"]
[BlackTeam "SF Illingen"]

1. e4 c5 2. Nf3 e6 3. d4 cxd4 4. c3 dxc3 5. Nxc3 Bb4 6. Qd4 Bxc3+ 7. Qxc3 f6 8.
Bf4 Nc6 9. b4 d5 10. exd5 Qxd5 11. Bc4 Qe4+ 12. Be3 Nge7 13. O-O O-O 14. Rfe1
Nd5 15. Qb3 Qf5 16. Bc5 Rd8 17. Rad1 b6 18. Nd4 Nxd4 19. Bxd4 Bb7 20. Rd3 Kh8
21. Bxd5 Bxd5 22. Qa3 Bxa2 23. Rf3 Qc2 24. Be3 Rd1 25. Kf1 Bc4+ 0-1

[Event "Int. Stuttgarter Stadtmeisterschaft B"]
[Site "Ditzingen"]
[Date "2018.05.11"]
[Round "3.13"]
[White "Michna, Marcus"]
[Black "Speh, Hans"]
[Result "1/2-1/2"]
[WhiteElo "1749"]
[BlackElo "1830"]
[PlyCount "117"]
[EventDate "2018.??.??"]
[WhiteTeam "TSF Ditzingen"]
[BlackTeam "TSV Willsbach"]

1. d4 f5 2. e4 d5 3. e5 e6 4. f4 c5 5. c3 Nc6 6. Nf3 Bd7 7. Be2 Nh6 8. Nbd2 Ng4
9. Nf1 Be7 10. h3 Nh6 11. dxc5 Bxc5 12. Be3 b6 13. Ba6 Qc7 14. Nd4 Nb8 15. Be2
a6 16. Nd2 O-O 17. N2f3 Nf7 18. Qd2 Nc6 19. O-O Rfb8 20. Nxc6 Bxe3+ 21. Qxe3
Qxc6 22. Kh1 b5 23. Rac1 Qb6 24. Qxb6 Rxb6 25. Rfd1 Nd8 26. Nd4 Nb7 27. b4 Rc8
28. Rc2 Nd8 29. Nb3 Nb7 30. Rdc1 Kf7 31. Kh2 Ra8 32. Nd4 Ke7 33. g4 g6 34. gxf5
exf5 35. Bf3 Be6 36. Rd1 Rd8 37. Rcd2 Bg8 38. Nb3 Rc6 39. Rd3 Rdc8 40. Bxd5
Bxd5 41. Rxd5 R8c7 42. Nd4 Rxc3 43. e6 R3c4 44. a3 h6 45. Kg2 Ke8 46. Kh2 Re7
47. Re1 Kf8 48. Rd1 Kg7 49. Re1 Kf6 50. Kg2 a5 51. Nxb5 axb4 52. axb4 Rxb4 53.
Nd4 Rb6 54. Re2 Nd6 55. Rc5 Ne4 56. Rcc2 Rd6 57. Rc4 g5 58. fxg5+ hxg5 59. Ra2
1/2-1/2

[Event "Int. Stuttgarter Stadtmeisterschaft B"]
[Site "Ditzingen"]
[Date "2018.05.11"]
[Round "3.14"]
[White "Pranjic, Daniel"]
[Black "Jäger, Hans-Ulrich"]
[Result "1-0"]
[WhiteElo "1782"]
[BlackElo "1800"]
[PlyCount "81"]
[EventDate "2018.??.??"]
[WhiteTeam "SG Ludwigsburg"]
[BlackTeam "SC Sillenbuch"]

1. e4 e5 2. Nf3 Nc6 3. Bb5 a6 4. Ba4 Nf6 5. O-O Be7 6. Re1 b5 7. Bb3 O-O 8. h3
Bb7 9. d3 d6 10. c3 Na5 11. Bc2 c5 12. Nbd2 Qc7 13. Nf1 Rfe8 14. Ng3 d5 15. Nf5
dxe4 16. Nxe7+ Qxe7 17. dxe4 Rad8 18. Qe2 Nc4 19. a4 Nd6 20. Nd2 Qc7 21. f3 Nh5
22. Qf2 Bc8 23. Nf1 b4 24. Be3 bxc3 25. bxc3 Nb7 26. Nd2 Rd6 27. Nc4 Rg6 28.
Qh4 Nf4 29. Bxf4 exf4 30. e5 Rh6 31. Qxf4 Be6 32. Ne3 Rh5 33. Qe4 g6 34. f4 Qc8
35. Qf3 Rh6 36. f5 gxf5 37. Nxf5 Bxf5 38. Bxf5 Qc7 39. Qg4+ Kh8 40. Qg5 Rc6 41.
Qh5 1-0

[Event "Int. Stuttgarter Stadtmeisterschaft B"]
[Site "Ditzingen"]
[Date "2018.05.11"]
[Round "3.15"]
[White "Lerner, Jürgen"]
[Black "Liu, Sijia Anna"]
[Result "0-1"]
[WhiteElo "1872"]
[BlackElo "1761"]
[PlyCount "91"]
[EventDate "2018.??.??"]
[WhiteTeam "SC Überlingen"]
[BlackTeam "SV Stuttgart-Wolfbusch"]

1. d4 Nf6 2. c4 g6 3. Nc3 Bg7 4. e4 d6 5. Be2 O-O 6. Bg5 Na6 7. f4 Qe8 8. Nf3
c6 9. O-O Nd7 10. a3 e5 11. fxe5 dxe5 12. d5 Nf6 13. Qc2 Bd7 14. b4 Rc8 15. Qd3
cxd5 16. cxd5 Nh5 17. Rac1 f5 18. Qd2 f4 19. Bxa6 bxa6 20. Ne2 h6 21. Rxc8 Bxc8
22. Bh4 g5 23. Bf2 Bf6 24. Rd1 Rf7 25. Nc3 Qd8 26. Na4 g4 27. Ne1 Bh4 28. Bc5
Qf6 29. Nd3 g3 30. Ne1 gxh2+ 31. Kxh2 Bg3+ 32. Kg1 Rg7 33. Nf3 Bh3 34. d6 Bh4
35. d7 Bxd7 36. Bf2 Bxf2+ 37. Qxf2 Bxa4 38. Rc1 Bd7 39. Qc5 Bh3 40. Rc2 Qg6 41.
Qxe5 Qg4 42. Rd2 Qxf3 43. Qb2 Qe3+ 44. Kh2 Qg3+ 45. Kh1 f3 46. gxf3 0-1

[Event "Int. Stuttgarter Stadtmeisterschaft B"]
[Site "Ditzingen"]
[Date "2018.05.11"]
[Round "3.16"]
[White "Schnepel, Thomas"]
[Black "Köller, Horst"]
[Result "1/2-1/2"]
[WhiteElo "1845"]
[BlackElo "1718"]
[PlyCount "88"]
[EventDate "2018.??.??"]
[WhiteTeam "SC Pforzheim"]
[BlackTeam "SK Bebenhausen"]

1. e4 c5 2. Nf3 Nc6 3. d4 cxd4 4. Nxd4 Nf6 5. Nc3 e6 6. Ndb5 Bb4 7. Nd6+ Ke7 8.
Nxc8+ Rxc8 9. Bd3 d5 10. exd5 Nxd5 11. Bg5+ f6 12. Bd2 Bxc3 13. bxc3 Ne5 14.
O-O Nxd3 15. cxd3 h5 16. Re1 Rc6 17. Qf3 Kf7 18. Rab1 b6 19. Rb5 a6 20. Rb3 Ne7
21. Re5 Rc5 22. Rxc5 bxc5 23. Rb7 c4 24. d4 Qa5 25. h3 Re8 26. Bf4 Kg8 27. Bd6
Qd8 28. Qxh5 g6 29. Bxe7 gxh5 30. Bxd8 Rxd8 31. Rc7 Rb8 32. Rxc4 Rb1+ 33. Kh2
Rb2 34. Ra4 Rxf2 35. Rxa6 Kf7 36. c4 Rd2 37. c5 Rxd4 38. c6 Rc4 39. Ra7+ Kg6
40. c7 h4 41. Kg1 e5 42. a4 Kf5 43. Kf2 Ke6 44. Kf3 Kd7 1/2-1/2

[Event "Int. Stuttgarter Stadtmeisterschaft B"]
[Site "Ditzingen"]
[Date "2018.05.11"]
[Round "3.17"]
[White "Hahn, Martin"]
[Black "Hoffmann, Marcel"]
[Result "1/2-1/2"]
[WhiteElo "1767"]
[BlackElo "1673"]
[PlyCount "41"]
[EventDate "2018.??.??"]
[WhiteTeam "SF Oeffingen e.V."]
[BlackTeam "SC Ingersheim"]

1. b3 e5 2. Bb2 f6 3. e3 d5 4. d4 e4 5. c4 c6 6. Nc3 Be6 7. f3 f5 8. Nh3 Bd6 9.
f4 Nf6 10. Qd2 b6 11. Rc1 Nbd7 12. cxd5 Nxd5 13. Nxd5 Bxd5 14. Bc4 Qe7 15. O-O
O-O 16. Nf2 Nf6 17. Rc2 Rac8 18. Rfc1 Rc7 19. Bxd5+ Nxd5 20. Rxc6 Rxc6 21. Rxc6
1/2-1/2

[Event "Int. Stuttgarter Stadtmeisterschaft B"]
[Site "Ditzingen"]
[Date "2018.05.11"]
[Round "3.19"]
[White "Köller, Bernd"]
[Black "Fechner, Andreas"]
[Result "0-1"]
[WhiteElo "1736"]
[BlackElo "1727"]
[Annotator "Microsoft"]
[PlyCount "115"]
[EventDate "2018.??.??"]
[WhiteTeam "SK Bebenhausen"]
[BlackTeam "SC Magstadt"]

1. d4 e6 2. c4 d5 3. Nc3 Nf6 4. Bg5 Be7 5. e3 b6 6. Nf3 Bb7 7. Qc2 Nbd7 8. Bd3
h6 9. Bf4 Bb4 10. a3 Bxc3+ 11. bxc3 c5 12. cxd5 Nxd5 13. Bg3 N5f6 14. Qe2 Ne4
15. Rc1 Nxg3 16. hxg3 Rc8 17. g4 cxd4 18. exd4 Bxf3 19. Qxf3 Qg5 20. Rc2 Nf6
21. Bb5+ Qxb5 {Hier rochiert Weiß regelwidrig.} 22. Qe2 -- 23. O-O -- 24. Qf3 {
Jetzt ist die Partiestellung wieder erreicht.} O-O 25. Qg3 Qg5 26. f3 Qe3+ 27.
Kh2 Rxc3 28. Rxc3 Qxc3 29. Qd6 Rc8 30. a4 Qc7 31. Qxc7 Rxc7 32. Kg3 Rc4 33. a5
Rxd4 34. axb6 axb6 35. Rb1 Nd5 36. Kf2 Kf8 37. g3 Ke7 38. f4 Kf6 39. Kf3 e5 40.
fxe5+ Kxe5 41. Re1+ Kd6 42. Re8 Nf6 43. Rd8+ Kc5 44. Rc8+ Kb4 45. Rf8 Rd7 46.
Kf4 b5 47. g5 hxg5+ 48. Kxg5 Kb3 49. Rb8 b4 50. Kf5 Kc3 51. g4 Nxg4 52. Kxg4
Rc7 53. Re8 b3 54. Re3+ Kb2 55. Re2+ Ka1 56. Re1+ Ka2 57. Kf3 b2 58. Re2 0-1

[Event "Int. Stuttgarter Stadtmeisterschaft B"]
[Site "Ditzingen"]
[Date "2018.05.11"]
[Round "3.20"]
[White "Kaufhold, Stephan"]
[Black "Volk, Oskar"]
[Result "1/2-1/2"]
[WhiteElo "1857"]
[BlackElo "1617"]
[PlyCount "53"]
[EventDate "2018.??.??"]
[WhiteTeam "SC Böblingen"]
[BlackTeam "SC Grunbach"]

1. d4 d6 2. Nf3 g6 3. e4 Nf6 4. Nc3 Bg7 5. Bc4 O-O 6. O-O Bg4 7. h3 Bxf3 8.
Qxf3 Nbd7 9. Be3 c6 10. Rad1 Qc7 11. a3 b5 12. Bd3 a6 13. Qg3 c5 14. dxc5 Nxc5
15. f4 Ncd7 16. Qh4 Nb6 17. g4 Nc4 18. Bxc4 Qxc4 19. e5 dxe5 20. fxe5 Qe6 21.
Bf4 Nd7 22. Rfe1 Nxe5 23. Qg3 Qb6+ 24. Kh2 Nc6 25. Nd5 Qb7 26. c3 e6 27. Nb4
1/2-1/2

[Event "Int. Stuttgarter Stadtmeisterschaft B"]
[Site "Ditzingen"]
[Date "2018.05.11"]
[Round "4.1"]
[White "Bitzenauer, Sebastian"]
[Black "Dallinger, Moritz"]
[Result "1/2-1/2"]
[WhiteElo "1880"]
[BlackElo "1570"]
[PlyCount "64"]
[EventDate "2018.??.??"]
[WhiteTeam "SV Altbach"]
[BlackTeam "SV Stuttgart-Wolfbusch"]

1. Nf3 c5 2. e3 a6 3. c4 g6 4. Nc3 Bg7 5. d4 b6 6. dxc5 bxc5 7. Qd5 Nc6 8. Qxc5
Bb7 9. e4 Rc8 10. Qe3 Nb4 11. Qd2 e6 12. a3 Qa5 13. axb4 Qxa1 14. Bd3 Bh6 15.
Ng5 a5 16. b5 a4 17. O-O a3 18. Qe2 f6 19. f4 axb2 20. Bxb2 Qa7+ 21. Qf2 Qxf2+
22. Rxf2 Ne7 23. Ne2 O-O 24. Nf3 d5 25. Nd2 f5 26. exd5 exd5 27. Ba3 dxc4 28.
Bxc4+ Nd5 29. Bxf8 Bxf8 30. Nc3 Rxc4 31. Nxc4 Nxc3 32. Na5 Bc5 1/2-1/2

[Event "Int. Stuttgarter Stadtmeisterschaft B"]
[Site "Ditzingen"]
[Date "2018.05.11"]
[Round "4.2"]
[White "Khamenya, Vitalia"]
[Black "Muratovic, Hajrudin"]
[Result "1-0"]
[WhiteElo "1789"]
[BlackElo "1858"]
[PlyCount "89"]
[EventDate "2018.??.??"]
[WhiteTeam "SK Gräfelfing"]
[BlackTeam "SC Schachmatt Botnang"]

1. e4 c5 2. d4 a6 3. Nf3 e6 4. c4 b5 5. Bd3 Bb7 6. O-O h6 7. Re1 Be7 8. Bf4 g5
9. Be5 f6 10. Bg3 h5 11. h3 Qb6 12. Bc2 Nh6 13. Nxg5 fxg5 14. Be5 Rf8 15. Qxh5+
Nf7 16. Bg7 Rg8 17. Qh7 Rxg7 18. Qxg7 e5 19. d5 Qh6 20. Qg8+ Bf8 21. Re3 Qg7
22. Qxg7 Bxg7 23. Bd1 Nd6 24. Bh5+ Kd8 25. Nd2 a5 26. Bg6 Na6 27. Rg3 Bf6 28.
Nf3 Kc7 29. Nxg5 bxc4 30. Nh7 Be7 31. Bf5 Bxd5 32. Rg7 Nxf5 33. exf5 Bf8 34.
Nxf8 Rxf8 35. Rd1 Kc6 36. Rg6+ d6 37. g4 Nb4 38. h4 Nd3 39. Rd2 Ne1 40. Kf1 Nf3
41. Re2 Nxh4 42. Rh6 Nf3 43. Re3 a4 44. Ke2 e4 45. f6 1-0

[Event "Int. Stuttgarter Stadtmeisterschaft B"]
[Site "Ditzingen"]
[Date "2018.05.11"]
[Round "4.3"]
[White "Winkler, Tim"]
[Black "Franz, Franz Theodor"]
[Result "0-1"]
[WhiteElo "1903"]
[BlackElo "1349"]
[PlyCount "68"]
[EventDate "2018.??.??"]
[WhiteTeam "SF Deizisau"]
[BlackTeam "SV Mattnetz Berlin"]

1. e4 e5 2. Nf3 Nc6 3. Bc4 Nf6 4. d3 Bc5 5. Bg5 d6 6. h3 Be6 7. Bb3 Qd7 8. Nbd2
O-O-O 9. c3 h6 10. Bh4 g5 11. Bg3 Nh5 12. Nxe5 Nxe5 13. Bxe5 dxe5 14. Qxh5 Qxd3
15. Bxe6+ fxe6 16. Qe2 Qxe2+ 17. Kxe2 Bxf2 18. Rhf1 Bg3 19. Rf3 Bf4 20. Nb3 g4
21. hxg4 h5 22. gxh5 Rxh5 23. Rh3 Rg5 24. Rg1 Rdg8 25. Kf2 b6 26. Rf3 Bh2 27.
Rh1 Rxg2+ 28. Ke3 Bf4+ 29. Rxf4 exf4+ 30. Kxf4 R8g4+ 31. Ke3 e5 32. Kd3 b5 33.
Nd2 R4g3+ 34. Kc2 Re3 0-1

[Event "Int. Stuttgarter Stadtmeisterschaft B"]
[Site "Ditzingen"]
[Date "2018.05.11"]
[Round "4.4"]
[White "Liu, Sijia Anna"]
[Black "Unger, Franz"]
[Result "1/2-1/2"]
[WhiteElo "1761"]
[BlackElo "1978"]
[PlyCount "93"]
[EventDate "2018.??.??"]
[WhiteTeam "SV Stuttgart-Wolfbusch"]
[BlackTeam "SK Sachsenheim"]

1. e4 e5 2. Nf3 d6 3. d4 exd4 4. Nxd4 Nf6 5. Nc3 Be7 6. Bc4 O-O 7. O-O Re8 8.
Bf4 Bf8 9. Re1 Nbd7 10. Qd2 Ne5 11. Bb3 c6 12. Rad1 Qc7 13. Nf5 Bxf5 14. exf5
d5 15. Re2 Bd6 16. Rde1 Nf3+ 17. gxf3 Bxf4 18. Qd4 Bxh2+ 19. Kh1 Rxe2 20. Rxe2
Qf4 21. Qxf4 Bxf4 22. Re7 Rb8 23. Kg2 Kf8 24. Re1 Bd2 25. Rd1 Bxc3 26. bxc3 Re8
27. c4 Re5 28. cxd5 cxd5 29. c4 dxc4 30. Bxc4 Rxf5 31. Rd8+ Ke7 32. Rb8 b6 33.
Rb7+ Nd7 34. Rxa7 Kd6 35. Kg3 g5 36. Bd3 Rf4 37. Bxh7 f5 38. Bg8 Ne5 39. Ra3 b5
40. Rb3 Kc5 41. a3 Ra4 42. Be6 f4+ 43. Kh3 Nc4 44. Rxb5+ Kxb5 45. Bd7+ Ka5 46.
Bxa4 Kxa4 47. Kg4 1/2-1/2

[Event "Int. Stuttgarter Stadtmeisterschaft B"]
[Site "Ditzingen"]
[Date "2018.05.11"]
[Round "4.5"]
[White "Butenandt, Svenja"]
[Black "Jantos, Stefan"]
[Result "0-1"]
[WhiteElo "1709"]
[BlackElo "1831"]
[PlyCount "102"]
[EventDate "2018.??.??"]
[WhiteTeam "FC Bayern München"]
[BlackTeam "SF Oeffingen"]

1. d4 c5 2. d5 e5 3. c4 d6 4. e4 f5 5. exf5 Bxf5 6. Bd3 Qd7 7. Bc2 Bxc2 8. Qxc2
Nf6 9. Nc3 Qg4 10. Qa4+ Nbd7 11. g3 Be7 12. Be3 O-O 13. h3 Qh5 14. Qd1 Qg6 15.
Nf3 Ne4 16. Nd2 Nxc3 17. bxc3 Nb6 18. Qb1 Qf7 19. O-O Bf6 20. a4 Qd7 21. a5 Nc8
22. Kh2 Ne7 23. Ne4 Rab8 24. Rd1 b5 25. cxb5 Rxb5 26. Qd3 Rfb8 27. Qc4 Kf8 28.
Qa4 Qc7 29. Nxf6 gxf6 30. Qh4 Ng8 31. Bh6+ Nxh6 32. Qxh6+ Qg7 33. Qxg7+ Kxg7
34. Ra4 f5 35. Kg2 a6 36. Kf1 Rb2 37. Ra3 Rc2 38. Rd3 Rb1+ 39. Kg2 e4 40. Re3
Rbb2 41. Kg1 Rxf2 42. c4 Rfc2 43. Ra1 Rxc4 44. Rf1 Kg6 45. g4 fxg4 46. Rg3 h5
47. hxg4 h4 48. Ra3 Kg5 49. Raa1 Rd4 50. Rf5+ Kxg4 51. Raf1 e3 0-1

[Event "Int. Stuttgarter Stadtmeisterschaft B"]
[Site "Ditzingen"]
[Date "2018.05.11"]
[Round "4.6"]
[White "Lang, Thomas"]
[Black "Wallinger, Lukas"]
[Result "1/2-1/2"]
[WhiteElo "1796"]
[BlackElo "1677"]
[PlyCount "76"]
[EventDate "2018.??.??"]
[WhiteTeam "SG Schwäbisch Gmünd"]
[BlackTeam "SV Unterkochen"]

1. e4 d5 2. exd5 Qxd5 3. Nc3 Qa5 4. d4 c6 5. Bc4 Nf6 6. h3 Bf5 7. Nf3 e6 8. Bd2
Qc7 9. O-O Be7 10. Ne2 Nbd7 11. Bf4 Bd6 12. Bxd6 Qxd6 13. Bd3 Bxd3 14. Qxd3 O-O
15. Ng3 c5 16. dxc5 Qxd3 17. cxd3 Nxc5 18. d4 Nce4 19. Nxe4 Nxe4 20. Rfd1 Rac8
21. Nd2 Nxd2 22. Rxd2 Rfd8 23. Rad1 h6 24. d5 exd5 25. Rxd5 Rxd5 26. Rxd5 Rc7
27. Kf1 Kf8 28. Ke2 Ke7 29. Rd3 Rc2+ 30. Rd2 Rxd2+ 31. Kxd2 Kd6 32. a3 b5 33.
Kd3 Kd5 34. b3 a5 35. f3 f5 36. g3 g5 37. f4 gxf4 38. gxf4 h5 1/2-1/2

[Event "Int. Stuttgarter Stadtmeisterschaft B"]
[Site "Ditzingen"]
[Date "2018.05.11"]
[Round "4.7"]
[White "Rashba, David"]
[Black "Pranjic, Daniel"]
[Result "0-1"]
[WhiteElo "1699"]
[BlackElo "1782"]
[PlyCount "72"]
[EventDate "2018.??.??"]
[WhiteTeam "SC Sillenbuch"]
[BlackTeam "SG Ludwigsburg"]

1. d4 Nf6 2. Bf4 g6 3. e3 Bg7 4. h3 c5 5. c3 O-O 6. Nf3 Qb6 7. Qb3 Nc6 8. Nbd2
d6 9. Be2 Be6 10. Qc2 Rfc8 11. dxc5 Qxc5 12. O-O a5 13. Nb3 Qb6 14. Nbd4 Nxd4
15. exd4 Nd5 16. Be3 Bf5 17. Qd2 Nxe3 18. fxe3 a4 19. a3 Bh6 20. Rf2 Ra5 21.
Ne1 e5 22. Nf3 Re8 23. g4 exd4 24. Qxd4 Qxb2 25. Re1 Bxe3 26. Qb4 Qa2 27. Qxa5
Bd3 28. Nd4 Qd2 29. Ref1 Bxd4 30. Bxd3 Bxf2+ 31. Rxf2 Qxd3 32. Qxa4 Qg3+ 33.
Kf1 Qxh3+ 34. Rg2 Qh1+ 35. Kf2 Qe1+ 36. Kf3 Qe3# 0-1

[Event "Int. Stuttgarter Stadtmeisterschaft B"]
[Site "Ditzingen"]
[Date "2018.05.11"]
[Round "4.8"]
[White "Hannemann, Manfred"]
[Black "Fechner, Andreas"]
[Result "1-0"]
[WhiteElo "1734"]
[BlackElo "1727"]
[PlyCount "51"]
[EventDate "2018.??.??"]
[WhiteTeam "SK Neustadt"]
[BlackTeam "SC Magstadt"]

1. e4 g6 2. d4 c6 3. Nc3 Bg7 4. f4 d5 5. e5 e6 6. Nf3 Ne7 7. Bd3 b6 8. Be3 Bb7
9. Qd2 Nd7 10. Qf2 Rc8 11. g4 a6 12. O-O c5 13. Rae1 cxd4 14. Nxd4 Nc5 15. Be2
Nc6 16. Bf3 Bh6 17. Nxc6 Rxc6 18. Bd4 O-O 19. g5 Bg7 20. Re3 h5 21. Qh4 Re8 22.
Bxh5 gxh5 23. Qxh5 Kf8 24. f5 exf5 25. Rxf5 Rg6 26. Qxg6 1-0

[Event "Int. Stuttgarter Stadtmeisterschaft B"]
[Site "Ditzingen"]
[Date "2018.05.11"]
[Round "4.9"]
[White "Grünert, Thomas"]
[Black "Thomas, Leonhard"]
[Result "1-0"]
[WhiteElo "1743"]
[BlackElo "1642"]
[PlyCount "53"]
[EventDate "2018.??.??"]
[WhiteTeam "SF Illingen"]
[BlackTeam "SV Fellbach"]

1. d4 d5 2. Nf3 Bf5 3. e3 e6 4. c4 Nf6 5. Nc3 Bb4 6. Qa4+ Nc6 7. Ne5 Bxc3+ 8.
bxc3 O-O 9. Nxc6 Qd7 10. Ba3 Rfe8 11. cxd5 Nxd5 12. Bb5 Nxc3 13. Ne7+ Rxe7 14.
Bxd7 Nxa4 15. Bxe7 c6 16. d5 Nc3 17. dxc6 bxc6 18. Bb4 Nb1 19. O-O Rb8 20. Bd6
Rb7 21. Bxc6 Rb6 22. e4 Nd2 23. Rfc1 Bg6 24. Bf4 Rb2 25. Bxd2 Rxd2 26. Rc4 f5
27. f3 1-0

[Event "Int. Stuttgarter Stadtmeisterschaft B"]
[Site "Ditzingen"]
[Date "2018.05.11"]
[Round "4.10"]
[White "Stark, Timo"]
[Black "Michna, Marcus"]
[Result "1/2-1/2"]
[WhiteElo "1865"]
[BlackElo "1749"]
[PlyCount "71"]
[EventDate "2018.??.??"]
[WhiteTeam "SC Neckarsulm"]
[BlackTeam "TSF Ditzingen"]

1. e4 e6 2. d4 d5 3. Nd2 Nf6 4. e5 Nfd7 5. Bd3 c5 6. c3 cxd4 7. cxd4 Nc6 8.
Ndf3 f6 9. exf6 Nxf6 10. Ne2 Bd6 11. Bd2 Bd7 12. Rc1 O-O 13. O-O Qb6 14. Bc3
Rac8 15. Bb1 Be8 16. Ng5 Nd8 17. Qd2 Qa6 18. Bd3 Bb5 19. Bxb5 Qxb5 20. Nf4 Bxf4
21. Qxf4 h6 22. Nf3 Ne4 23. Qe3 Nf7 24. Nd2 Nxd2 25. Qxd2 Nd6 26. f3 Rf6 27.
Rfe1 Qd7 28. b3 Rc6 29. Bb2 Ra6 30. Bc3 Rc6 31. Bb4 Nf5 32. Rxc6 Qxc6 33. Rc1
Qd7 34. Qf4 Qb5 35. Qd2 Qd7 36. Qf4 1/2-1/2

[Event "Int. Stuttgarter Stadtmeisterschaft B"]
[Site "Ditzingen"]
[Date "2018.05.11"]
[Round "4.11"]
[White "Radek, Dieter"]
[Black "Grozea, Filip"]
[Result "1-0"]
[WhiteElo "1878"]
[BlackElo "1604"]
[PlyCount "43"]
[EventDate "2018.??.??"]
[WhiteTeam "SV Reutlingen"]
[BlackTeam "SV Mattnetz Berlin"]

1. e4 c6 2. d4 d5 3. exd5 cxd5 4. Nf3 Bg4 5. Be2 Nc6 6. O-O e6 7. c3 Bd6 8. Bg5
Qc7 9. h3 Bh5 10. Nbd2 h6 11. Be3 f5 12. Ne5 Bxe2 13. Qxe2 Nxe5 14. dxe5 Bxe5
15. Nf3 Bf6 16. Rfe1 O-O-O 17. Bxa7 Re8 18. Qb5 Re7 19. Bc5 Rd7 20. Rxe6 Ne7
21. Rae1 Rhd8 22. Bb6 1-0

[Event "Int. Stuttgarter Stadtmeisterschaft B"]
[Site "Ditzingen"]
[Date "2018.05.11"]
[Round "4.12"]
[White "Schäfer, Daniel"]
[Black "Pfeilsticker, Thorsten"]
[Result "1-0"]
[WhiteElo "1739"]
[BlackElo "1642"]
[PlyCount "45"]
[EventDate "2018.??.??"]
[WhiteTeam "Heilbronner SV"]
[BlackTeam "SV Stuttgart-Wolfbusch"]

1. d4 b5 2. e4 Bb7 3. Bxb5 Bxe4 4. Nf3 e6 5. O-O c5 6. Re1 Bb7 7. d5 Nf6 8. c4
g6 9. Nc3 Ba6 10. dxe6 Bxb5 11. exf7+ Kxf7 12. Nxb5 d6 13. Bg5 a6 14. Bxf6 Kxf6
15. Qd2 Be7 16. Nc3 Nc6 17. Nd5+ Kg7 18. Re6 Re8 19. Rae1 Ra7 20. b3 Qd7 21.
Qc3+ Kg8 22. Rxe7 Nxe7 23. Nf6+ 1-0

[Event "Int. Stuttgarter Stadtmeisterschaft B"]
[Site "Ditzingen"]
[Date "2018.05.11"]
[Round "4.13"]
[White "Speh, Hans"]
[Black "Eberhard, Michael"]
[Result "0-1"]
[WhiteElo "1830"]
[BlackElo "1702"]
[PlyCount "98"]
[EventDate "2018.??.??"]
[WhiteTeam "TSV Willsbach"]
[BlackTeam "Heilbronner SV"]

1. e4 e5 2. d4 exd4 3. c3 dxc3 4. Bc4 Nc6 5. Nxc3 d6 6. Nge2 Be6 7. Bxe6 fxe6
8. Qb3 Qd7 9. O-O O-O-O 10. Be3 g6 11. Rac1 a6 12. Rfd1 Bg7 13. Na4 Qe8 14. Rc2
Nge7 15. Qxe6+ Kb8 16. Qb3 Qg8 17. Qa3 Qe6 18. Nac3 Bxc3 19. Nxc3 Rhe8 20. Rdc1
Rc8 21. b4 Qc4 22. Nd5 Qb5 23. Rb2 Nxd5 24. exd5 Ne5 25. Rbb1 Nc4 26. Rxc4 Qxc4
27. b5 Rxe3 28. Qxe3 axb5 29. Qd2 Re8 30. Rc1 Re2 31. Qd1 Qxa2 32. Ra1 Qd2 33.
Qf1 b4 34. Rd1 Qc2 35. Rc1 Qe4 36. h3 b3 37. f3 Qe3+ 38. Kh2 b2 39. Rb1 Qf2 40.
Qxf2 Rxf2 41. Kg3 Rd2 42. f4 c5 43. dxc6 bxc6 44. h4 c5 45. Kf3 c4 46. g4 c3
47. Ke3 Rc2 48. f5 gxf5 49. gxf5 Rc1 0-1

[Event "Int. Stuttgarter Stadtmeisterschaft B"]
[Site "Ditzingen"]
[Date "2018.05.11"]
[Round "4.14"]
[White "Sami, Sami"]
[Black "Hader, Sören"]
[Result "1-0"]
[WhiteElo "1827"]
[BlackElo "1722"]
[PlyCount "69"]
[EventDate "2018.??.??"]
[WhiteTeam "VfL Sindelfingen"]
[BlackTeam "Schlotheimer SV"]

1. d4 d5 2. Bf4 Nf6 3. e3 e6 4. Bd3 c5 5. c3 Nc6 6. Nf3 cxd4 7. exd4 Bd6 8. Bg3
O-O 9. Nbd2 Re8 10. Ne5 Bxe5 11. dxe5 Nd7 12. f4 Nf8 13. Bf2 b6 14. O-O Qc7 15.
Qh5 Ne7 16. Nf3 Bb7 17. Ng5 Neg6 18. Bd4 Qe7 19. f5 exf5 20. Rxf5 h6 21. Nxf7
Bc8 22. Rf2 Qh4 23. Bxg6 Nxg6 24. Qxg6 Be6 25. Nd6 Re7 26. Nf5 Bxf5 27. Qxf5
Ree8 28. Qf7+ Kh8 29. Raf1 Qg5 30. Qf5 Qe7 31. Qg6 Rf8 32. e6 Rxf2 33. Rxf2 Rf8
34. Rxf8+ Qxf8 35. Qf7 1-0

[Event "Int. Stuttgarter Stadtmeisterschaft B"]
[Site "Ditzingen"]
[Date "2018.05.11"]
[Round "4.15"]
[White "Rudhart, Michael"]
[Black "Zimmermann, Tobias"]
[Result "0-1"]
[WhiteElo "1846"]
[BlackElo "1797"]
[PlyCount "58"]
[EventDate "2018.??.??"]
[WhiteTeam "DJK Stuttgart-Süd"]
[BlackTeam "SC Schachmatt Botnang"]

1. d4 Nf6 2. c4 g6 3. Nc3 Bg7 4. e4 d6 5. f3 O-O 6. Be3 e5 7. d5 Nbd7 8. g4 Nc5
9. Nge2 c6 10. Ng3 cxd5 11. cxd5 Bd7 12. Be2 Qa5 13. Kf2 Ne8 14. h4 f5 15. gxf5
gxf5 16. exf5 Bxf5 17. Nxf5 Rxf5 18. Qc2 Rf7 19. Rag1 Kh8 20. Ke1 Nf6 21. Kd1
Rc8 22. Qf5 Qc7 23. Bxc5 Qxc5 24. Bd3 Rcf8 25. Rg2 Bh6 26. Rhg1 Qd4 27. Kc2 a5
28. Ne4 Nxd5 29. Qxf7 Ne3+ 0-1

[Event "Int. Stuttgarter Stadtmeisterschaft B"]
[Site "Ditzingen"]
[Date "2018.05.11"]
[Round "4.16"]
[White "Rautenberg, Uwe"]
[Black "Kluge, Malte"]
[Result "1-0"]
[WhiteElo "1909"]
[BlackElo "1584"]
[PlyCount "119"]
[EventDate "2018.??.??"]
[WhiteTeam "SC Ingersheim e.V."]
[BlackTeam "SF Kornwestheim"]

1. d4 Nf6 2. Bf4 g6 3. e3 Bg7 4. c3 O-O 5. Be2 d5 6. Nd2 c5 7. h3 Nc6 8. g4 Re8
9. Ngf3 Nd7 10. O-O e5 11. dxe5 Ndxe5 12. Bb5 a6 13. Nxe5 axb5 14. Nxc6 bxc6
15. Nb3 b4 16. cxb4 Ba6 17. Re1 Bxb2 18. Nxc5 Bxa1 19. Qxa1 Qh4 20. Kg2 Bc4 21.
a4 Ra7 22. a5 Rae7 23. Qd4 g5 24. Bd6 Re4 25. Nxe4 Rxe4 26. Bg3 Qh6 27. Qb6 Bb5
28. Qb8+ Qf8 29. Qxf8+ Kxf8 30. Bd6+ Ke8 31. Rc1 Kd7 32. Bc5 Re5 33. f3 f5 34.
Bd4 Re8 35. gxf5 Rf8 36. e4 dxe4 37. fxe4 Bd3 38. Kf3 Rb8 39. Bc5 h5 40. Rd1
g4+ 41. hxg4 hxg4+ 42. Kg3 Kc7 43. Rxd3 Re8 44. Kf4 Kb7 45. Rg3 Rd8 46. Rxg4
Rd1 47. f6 Rf1+ 48. Ke5 Ka6 49. Rf4 Rh1 50. f7 Rh5+ 51. Rf5 Rh8 52. f8=Q Rxf8
53. Rxf8 Kb5 54. Kd4 Ka6 55. Kc4 Kb7 56. e5 Ka6 57. e6 Kb7 58. e7 Kc7 59. e8=Q
Kb7 60. Qc8# 1-0